[Event "POR-ch U16"]
[Site "Luso"]
[Date "2016.07.21"]
[Round "2"]
[White "Sa, Luis Afonso"]
[Black "Santos, Tiago Vieira"]
[Result "1-0"]
[WhiteElo "1511"]
[BlackElo "1256"]
[PlyCount "57"]
[EventDate "2016.07.20"]
[EventType "swiss"]
[EventRounds "7"]
[EventCountry "POR"]
[SourceTitle "EXT 2018"]
[Source "ChessBase"]
[SourceDate "2017.10.13"]
[SourceVersion "1"]
[SourceVersionDate "2017.10.13"]
[SourceQuality "1"]

1. e4 e5 2. Nf3 d5 3. exd5 Qxd5 4. Nc3 Qa5 5. Bc4 Bg4 6. 0-0 Bxf3 7. Qxf3 Nf6 8. Qxb7 Bd6 9. Qxa8 c6 10. Qb7 0-0 11. Qb3 Qc7 12. h3 e4 13. d3 exd3 14. cxd3 Bh2+ 15. Kh1 h6 16. Ne4 Nxe4 17. dxe4 Be5 18. Be3 Nd7 19. f4 Bf6 20. e5 Bh4 21. Rad1 Nb6 22. Bxb6 axb6 23. Rd6 Be7 24. Rd2 g5 25. Qg3 Rd8 26. Rxd8+ Qxd8 27. fxg5 Bxg5 28. Rxf7 Qd1+ 29. Rf1+ 1-0

[Event "Coimbra Queima das Fitas op"]
[Site "Coimbra"]
[Date "2016.04.24"]
[Round "5"]
[White "Encarnacao, Filipe Alexandre D"]
[Black "Santos, Tiago Vieira"]
[Result "0-1"]
[WhiteElo "1290"]
[BlackElo "1232"]
[PlyCount "64"]
[EventDate "2016.04.22"]
[EventType "swiss"]
[EventRounds "7"]
[EventCountry "POR"]
[SourceTitle "EXT 2018"]
[Source "ChessBase"]
[SourceDate "2017.10.13"]
[SourceVersion "1"]
[SourceVersionDate "2017.10.13"]
[SourceQuality "1"]

1. e4 c5 2. Nf3 Nc6 3. d4 cxd4 4. Nxd4 Nf6 5. Nc3 g6 6. Be3 Bg7 7. f3 d6 8. Qd2 0-0 9. 0-0-0 a6 10. g4 b5 11. h4 Nxd4 12. Bxd4 Be6 13. h5 b4 14. Nd5 a5 15. Nxf6+ exf6 16. Be3 Rc8 17. Bh6 Re8 18. hxg6 fxg6 19. Bxg7 Kxg7 20. Qh6+ Kf7 21. Qxh7+ Kf8 22. Qxg6 Bf7 23. Qh6+ Ke7 24. Qd2 b3 25. axb3 Bxb3 26. Bd3 Rf8 27. g5 Qd7 28. gxf6+ Rxf6 29. Kb1 Kf7 30. f4 Qa4 31. e5 Qa2+ 32. Kc1 Qa1# 0-1

[Event "Coimbra Queima das Fitas op"]
[Site "Coimbra"]
[Date "2016.04.24"]
[Round "4"]
[White "Santos, Tiago Vieira"]
[Black "Dias, Jose Oliveira Gaspa"]
[Result "0-1"]
[WhiteElo "1232"]
[BlackElo "1674"]
[PlyCount "112"]
[EventDate "2016.04.22"]
[EventType "swiss"]
[EventRounds "7"]
[EventCountry "POR"]
[SourceTitle "EXT 2018"]
[Source "ChessBase"]
[SourceDate "2017.10.13"]
[SourceVersion "1"]
[SourceVersionDate "2017.10.13"]
[SourceQuality "1"]

1. c4 Nf6 2. Nc3 e5 3. d3 Bc5 4. Nf3 d6 5. g3 Ng4 6. e3 0-0 7. Bg2 c6 8. h3 Nf6 9. 0-0 Bb6 10. a3 h6 11. b4 Re8 12. Bd2 Be6 13. a4 Bc7 14. Qe2 Nbd7 15. Rfe1 Rc8 16. b5 Nc5 17. Reb1 Qd7 18. Qf1 d5 19. cxd5 cxd5 20. d4 Nce4 21. Be1 Nxc3 22. Bxc3 Bf5 23. Rb3 Bc2 24. Rb2 exd4 25. Bxd4 Bb8 26. Bxf6 gxf6 27. Ne1 Bg6 28. Rd1 Rc4 29. Rbd2 Rd8 30. e4 d4 31. Nc2 f5 32. exf5 Qxf5 33. Nxd4 Qc8 34. Nf3 Rxd2 35. Rxd2 Bc2 36. a5 Ba4 37. Rb2 Rc1 38. Ne1 Bc7 39. b6 axb6 40. axb6 Be5 41. Re2 Bc3 42. Re3 Ba5 43. Qe2 Rxe1+ 44. Qxe1 Bxe1 45. Rxe1 Qc5 46. Rb1 Bc6 47. Bxc6 Qxc6 48. h4 Kf8 49. Rb4 Qc5 50. Rb1 h5 51. Kg2 Ke7 52. Kg1 Kd7 53. Rd1+ Kc6 54. Rb1 f5 55. Kg2 Qc2 56. Rb4 Kc5 0-1

[Event "POR-ch U14"]
[Site "Luso"]
[Date "2015.07.25"]
[Round "5"]
[White "Cerqueira, Maria Ines"]
[Black "Santos, Tiago Vieira"]
[Result "1-0"]
[WhiteElo "1289"]
[BlackElo "1252"]
[PlyCount "47"]
[EventDate "2015.07.22"]
[EventType "swiss"]
[EventRounds "7"]
[EventCountry "POR"]
[SourceTitle "EXT 2018"]
[Source "ChessBase"]
[SourceDate "2017.10.13"]
[SourceVersion "1"]
[SourceVersionDate "2017.10.13"]
[SourceQuality "1"]

1. d4 d5 2. c4 c6 3. Nc3 g6 4. Nf3 Bg7 5. Bf4 Nf6 6. e3 0-0 7. Be2 Bf5 8. Bd3 Bxd3 9. Qxd3 e6 10. 0-0 Nbd7 11. Rfc1 c5 12. dxc5 Nxc5 13. Qd4 Nfe4 14. Be5 Bxe5 15. Nxe5 Nxc3 16. Rxc3 Ne4 17. Rc2 Rc8 18. Rac1 Nf6 19. cxd5 Rxc2 20. Rxc2 Nxd5 21. Rd2 Qc7 22. g3 Nb6 23. Ng4 Nd7 24. Nh6# 1-0

[Event "Madeira AEJ op 11th"]
[Site "Sao Joao da Madeira"]
[Date "2014.10.05"]
[Round "2"]
[White "Santos, Tiago Vieira"]
[Black "Soares, Joao Diogo Pedreiro"]
[Result "0-1"]
[WhiteElo "1243"]
[BlackElo "1447"]
[PlyCount "56"]
[EventDate "2014.10.04"]
[EventType "swiss"]
[EventRounds "7"]
[EventCountry "POR"]
[SourceTitle "EXT 2018"]
[Source "ChessBase"]
[SourceDate "2017.10.13"]
[SourceVersion "1"]
[SourceVersionDate "2017.10.13"]
[SourceQuality "1"]

1. e4 c5 2. Nf3 d6 3. Bc4 Nc6 4. Nc3 Nf6 5. 0-0 a6 6. d3 Bg4 7. h3 Bh5 8. a3 e6 9. Bg5 Be7 10. Re1 0-0 11. b4 cxb4 12. axb4 Nxb4 13. Rb1 a5 14. Bd2 d5 15. exd5 Nfxd5 16. Nxd5 Nxd5 17. Rxb7 Bf6 18. Bxd5 Qxd5 19. Rb3 a4 20. Ra3 Bb2 21. c4 Qd6 22. Ra2 a3 23. Re3 Rfb8 24. Qc2 Bxf3 25. Rxf3 Qb6 26. Rg3 Be5 27. Rg4 Qb1+ 28. Qxb1 Rxb1+ 0-1

[Event "POR-ch U14"]
[Site "Luso"]
[Date "2014.07.24"]
[Round "3"]
[White "Flores, Miguel Santos"]
[Black "Santos, Tiago Vieira"]
[Result "1-0"]
[WhiteElo "1398"]
[BlackElo "1222"]
[PlyCount "127"]
[EventDate "2014.07.23"]
[EventType "swiss"]
[EventRounds "7"]
[EventCountry "POR"]
[SourceTitle "EXT 2015"]
[Source "ChessBase"]
[SourceDate "2014.11.20"]
[SourceVersion "1"]
[SourceVersionDate "2014.11.20"]
[SourceQuality "1"]

1. e4 e5 2. Nf3 Nf6 3. Nc3 Nc6 4. Bb5 Bc5 5. 0-0 d6 6. d4 exd4 7. Nxd4 Bd7 8. Nxc6 Bxc6 9. Bxc6+ bxc6 10. Bg5 h6 11. Bf4 0-0 12. e5 Nh7 13. Ne4 dxe5 14. Bxe5 Bb6 15. Ng3 Re8 16. Bc3 Qd6 17. Qd2 Rad8 18. Rad1 Re6 19. Qxd6 cxd6 20. Rfe1 d5 21. Nf5 Nf6 22. Rxe6 fxe6 23. Nxh6+ gxh6 24. Bxf6 Rf8 25. Bd4 c5 26. Be5 c4 27. Bd4 Rb8 28. Bxb6 Rxb6 29. b3 cxb3 30. axb3 Rc6 31. Rd2 d4 32. f4 Rc3 33. Rxd4 Rxc2 34. Rd7 Rc3 35. Rxa7 Rxb3 36. Kf2 Rc3 37. Re7 Rc6 38. Kg3 h5 39. Kh4 Rc2 40. Kh3 h4 41. Rxe6 Kg7 42. g3 hxg3 43. hxg3 Rc3 44. Kh4 Rf3 45. Kg4 Ra3 46. Kh4 Ra5 47. g4 Kf7 48. Rb6 Ra8 49. Rh6 Rf8 50. f5 Kg7 51. Kh5 Rf7 52. Kg5 Rf8 53. f6+ Kg8 54. Kg6 Rf7 55. Kf5 Rf8 56. g5 Ra8 57. Rh3 Ra5+ 58. Kg6 Ra6 59. Rb3 Ra8 60. Rb7 Rf8 61. f7+ Kh8 62. Kh6 Rd8 63. g6 Rd6 64. Rb8+ 1-0

[Event "POR-ch U14"]
[Site "Luso"]
[Date "2014.07.23"]
[Round "1"]
[White "Sousa, Hugo Carneiro"]
[Black "Santos, Tiago Vieira"]
[Result "1-0"]
[WhiteElo "1581"]
[BlackElo "1222"]
[PlyCount "63"]
[EventDate "2014.07.23"]
[EventType "swiss"]
[EventRounds "7"]
[EventCountry "POR"]
[SourceTitle "EXT 2015"]
[Source "ChessBase"]
[SourceDate "2014.11.20"]
[SourceVersion "1"]
[SourceVersionDate "2014.11.20"]
[SourceQuality "1"]

1. e4 e5 2. Nf3 Nc6 3. Bc4 Bc5 4. c3 Nf6 5. d3 h6 6. Bb3 0-0 7. Nbd2 d6 8. h3 Be6 9. Bc2 Qd7 10. Nf1 d5 11. Qe2 Rfe8 12. g4 g5 13. Ng3 Bf8 14. Nf5 Bxf5 15. gxf5 Bg7 16. h4 g4 17. Nh2 h5 18. f3 gxf3 19. Qxf3 dxe4 20. dxe4 Kh7 21. Bg5 Rh8 22. Bxf6 Bxf6 23. Qxh5+ Kg8 24. Qg4+ Kf8 25. Nf3 Ne7 26. Qg3 Qb5 27. 0-0-0 Rg8 28. Ng5 Ke8 29. Bb3 Bxg5+ 30. hxg5 f6 31. Bxg8 Nxg8 32. Rh8 1-0

[Event "Gaia Profigaia op 7th"]
[Site "Vila Nova de Gaia"]
[Date "2014.07.04"]
[Round "9"]
[White "Bastos, Carlos Alberto da C"]
[Black "Santos, Tiago Vieira"]
[Result "0-1"]
[WhiteElo "1471"]
[BlackElo "1222"]
[PlyCount "86"]
[EventDate "2014.06.28"]
[EventType "swiss"]
[EventRounds "9"]
[EventCountry "POR"]
[SourceTitle "CBM 161 Extra"]
[Source "ChessBase"]
[SourceDate "2014.08.29"]
[SourceVersion "1"]
[SourceVersionDate "2014.08.29"]
[SourceQuality "1"]

1. d4 d5 2. c4 c6 3. Nc3 Nf6 4. Bf4 Bf5 5. Nf3 e6 6. a3 Bd6 7. Bxd6 Qxd6 8. h3 0-0 9. e3 Nbd7 10. cxd5 cxd5 11. Qb3 a6 12. Be2 Rac8 13. 0-0 Ne4 14. Rfd1 h6 15. Bd3 Ndf6 16. Rac1 Rc7 17. Ne5 Rfc8 18. f3 Nxc3 19. bxc3 Bxd3 20. Rxd3 Nd7 21. f4 f6 22. Nf3 e5 23. Qb4 Qxb4 24. axb4 e4 25. Rd2 exf3 26. gxf3 Rxc3 27. Re1 Rc1 28. Rdd1 Rxd1 29. Rxd1 Rc3 30. Kf2 Rc2+ 31. Kg3 Rb2 32. f5 Rxb4 33. e4 dxe4 34. fxe4 Rb6 35. Kg4 Rd6 36. d5 Nc5 37. Rc1 Nxe4 38. Rc8+ Kh7 39. Kf3 Ng5+ 40. Kg4 Rxd5 41. Rc7 Rb5 42. Re7 Kg8 43. h4 Nf7 0-1

[Event "Gaia Profigaia op 7th"]
[Site "Vila Nova de Gaia"]
[Date "2014.06.29"]
[Round "3"]
[White "Marinho, Antonio Pedro"]
[Black "Santos, Tiago Vieira"]
[Result "1-0"]
[WhiteElo "1508"]
[BlackElo "1222"]
[PlyCount "23"]
[EventDate "2014.06.28"]
[EventType "swiss"]
[EventRounds "9"]
[EventCountry "POR"]
[SourceTitle "CBM 161 Extra"]
[Source "ChessBase"]
[SourceDate "2014.08.29"]
[SourceVersion "1"]
[SourceVersionDate "2014.08.29"]
[SourceQuality "1"]

1. e4 e5 2. Nf3 Nc6 3. Bc4 Bc5 4. 0-0 Nf6 5. d4 exd4 6. e5 Ng4 7. Bxf7+ Kxf7 8. Ng5+ Ke8 9. Qxg4 d6 10. e6 h6 11. Qh5+ g6 12. Qxg6+ 1-0